Statistiken für NATO Mitglieder

Klicken Sie hier um das Quiz zu spielen!

Allgemein

  • Dieses Quiz wurde 144 mal gespielt
  • Das Durchschnittsergebnis liegt bei 25 aus 31

Antwortstatistiken

Info (Gründung 1949)(Gründungs-) Mitglied% Korrekt
seit Souveränität 1955Deutschland
98%
seit 1982Spanien
94%
GMPortugal
91%
nach Zerfall der UdSSRPolen
90%
GMUSA
90%
GMFrankreich
89%
GMKanada
88%
GMNorwegen
88%
GMVereinigtes Königreich
88%
seit 2023Finnland
87%
seit 1952Griechenland
86%
GMItalien
86%
seit 2004Litauen
85%
GMNiederlande
85%
Slowakei
84%
GMBelgien
83%
seit 2004Estland
83%
seit 2004Lettland
83%
GMDänemark
81%
OsterweiterungRumänien
81%
nach Zerfall der UdSSRTschechien
81%
seit 1952Türkei
81%
Slowenien
80%
Kroatien
79%
nach Zerfall der UdSSRUngarn
77%
OsterweiterungBulgarien
74%
GMLuxemburg
74%
Albanien
67%
GMIsland
67%
nicht Serbien aberMontenegro
60%
Nordmazedonien
58%

Verteilung der Resultate

Perzentil nach korrekt beantworteten Fragen

Anzahl Personen mit jedem Resultat

Ihre Resultats-Entwicklung

Sie haben dieses Quiz noch nicht gespielt